| 000 -LEADER |
| fixed length control field |
03475cam a2200481 i 4500 |
| 001 - CONTROL NUMBER |
| control field |
19337583 |
| 003 - CONTROL NUMBER IDENTIFIER |
| control field |
OSt |
| 005 - DATE AND TIME OF LATEST TRANSACTION |
| control field |
20190904100109.0 |
| 008 - FIXED-LENGTH DATA ELEMENTS--GENERAL INFORMATION |
| fixed length control field |
161017t20161982nyu 000 1 eng |
| 010 ## - LIBRARY OF CONGRESS CONTROL NUMBER |
| LC control number |
2016036300 |
| 020 ## - INTERNATIONAL STANDARD BOOK NUMBER |
| International Standard Book Number |
9780143129400 |
| Qualifying information |
(softcover) |
| 040 ## - CATALOGING SOURCE |
| Original cataloging agency |
DLC |
| Language of cataloging |
eng |
| Transcribing agency |
DLC |
| Description conventions |
rda |
| Modifying agency |
DLC |
| 042 ## - AUTHENTICATION CODE |
| Authentication code |
pcc |
| 082 ## - DEWEY DECIMAL CLASSIFICATION NUMBER |
| Classification number |
FIC GOL |
| 100 1# - MAIN ENTRY--PERSONAL NAME |
| Personal name |
Golding, William, |
| Dates associated with a name |
1911-1993, |
| Relator term |
author. |
| 245 10 - TITLE STATEMENT |
| Title |
Lord of the flies / |
| Statement of responsibility, etc. |
William Golding ; foreword by Lois Lowry ; introduction by Stephen King. |
| 250 ## - EDITION STATEMENT |
| Edition statement |
Deluxe edition. |
| 264 #1 - PRODUCTION, PUBLICATION, DISTRIBUTION, MANUFACTURE, AND COPYRIGHT NOTICE |
| Place of production, publication, distribution, manufacture |
New York, New York : |
| Name of producer, publisher, distributor, manufacturer |
Penguin Books, |
| Date of production, publication, distribution, manufacture, or copyright notice |
2016. |
| 264 #4 - PRODUCTION, PUBLICATION, DISTRIBUTION, MANUFACTURE, AND COPYRIGHT NOTICE |
| Date of production, publication, distribution, manufacture, or copyright notice |
©1982 |
| 300 ## - PHYSICAL DESCRIPTION |
| Extent |
xxii, 307 pages ; |
| Dimensions |
22 cm. |
| 336 ## - CONTENT TYPE |
| Content type term |
text |
| Content type code |
txt |
| Source |
rdacontent |
| 337 ## - MEDIA TYPE |
| Media type term |
unmediated |
| Media type code |
n |
| Source |
rdamedia |
| 338 ## - CARRIER TYPE |
| Carrier type term |
volume |
| Carrier type code |
nc |
| Source |
rdacarrier |
| 490 0# - SERIES STATEMENT |
| Series statement |
Penguin Classics |
| 520 ## - SUMMARY, ETC. |
| Summary, etc. |
"William Golding's unforgettable classic of boyhood adventure and the savagery of humanity comes to Penguin Classics in a stunning Graphic Deluxe Edition with a new foreword by Lois Lowry As provocative today as when it was first published in 1954, Lord of the Flies continues to ignite passionate debate with its startling, brutal portrait of human nature. William Golding's compelling story about a group of very ordinary boys marooned on a coral island has been labeled a parable, an allegory, a myth, a morality tale, a parody, a political treatise, and even a vision of the apocalypse. But above all, it has earned its place as one of the indisputable classics of the twentieth century for readers of any age. This Penguin Classics Graphic Deluxe Edition features an array of special features to supplement the novel, including a foreword by Lois Lowry, an introduction by Stephen King, an essay by E. M. Forster, an essay on teaching and reading the novel and suggestions for further exploration by scholar Jennifer Buehler, and an extended note by E. L. Epstein, the publisher of the first American paperback edition of Lord of the Flies. For more than seventy years, Penguin has been the leading publisher of classic literature in the English-speaking world. With more than 1,700 titles, Penguin Classics represents a global bookshelf of the best works throughout history and across genres and disciplines. Readers trust the series to provide authoritative texts enhanced by introductions and notes by distinguished scholars and contemporary authors, as well as up-to-date translations by award-winning translators"-- |
| Assigning source |
Provided by publisher. |
| 650 #0 - SUBJECT ADDED ENTRY--TOPICAL TERM |
| Topical term or geographic name entry element |
Survival |
| General subdivision |
Psychological aspects |
| Form subdivision |
Fiction. |
| 650 #0 - SUBJECT ADDED ENTRY--TOPICAL TERM |
| Topical term or geographic name entry element |
Interpersonal relations in children |
| Form subdivision |
Fiction. |
| 650 #0 - SUBJECT ADDED ENTRY--TOPICAL TERM |
| Topical term or geographic name entry element |
Regression (Psychology) |
| Form subdivision |
Fiction. |
| 650 #0 - SUBJECT ADDED ENTRY--TOPICAL TERM |
| Topical term or geographic name entry element |
Shipwreck survival |
| Form subdivision |
Fiction. |
| 650 #0 - SUBJECT ADDED ENTRY--TOPICAL TERM |
| Topical term or geographic name entry element |
Islands |
| Form subdivision |
Fiction. |
| 650 #0 - SUBJECT ADDED ENTRY--TOPICAL TERM |
| Topical term or geographic name entry element |
Boys |
| Form subdivision |
Fiction. |
| 650 #7 - SUBJECT ADDED ENTRY--TOPICAL TERM |
| Topical term or geographic name entry element |
FICTION / Classics. |
| Source of heading or term |
bisacsh |
| 650 #7 - SUBJECT ADDED ENTRY--TOPICAL TERM |
| Topical term or geographic name entry element |
FICTION / Psychological. |
| Source of heading or term |
bisacsh |
| 650 #7 - SUBJECT ADDED ENTRY--TOPICAL TERM |
| Topical term or geographic name entry element |
FICTION / Action & Adventure. |
| Source of heading or term |
bisacsh |
| 655 #0 - INDEX TERM--GENRE/FORM |
| Genre/form data or focus term |
Psychological fiction. |
| 655 #7 - INDEX TERM--GENRE/FORM |
| Genre/form data or focus term |
Adventure fiction. |
| Source of term |
gsafd |
| 700 ## - ADDED ENTRY--PERSONAL NAME |
| Personal name |
Lowry, Lois |
| Relator term |
Writer of foreword |
| 700 ## - ADDED ENTRY--PERSONAL NAME |
| Personal name |
King, Stephen |
| Relator term |
Writer of introduction |
| 776 08 - ADDITIONAL PHYSICAL FORM ENTRY |
| Relationship information |
Online version: |
| Main entry heading |
Golding, William, 1911-1993, author. |
| Title |
Lord of the flies |
| Edition |
Deluxe edition. |
| Place, publisher, and date of publication |
New York, New York : Penguin Books, 2016 |
| International Standard Book Number |
9781101993224 |
| Record control number |
(DLC) 2016048001 |
| 906 ## - LOCAL DATA ELEMENT F, LDF (RLIN) |
| a |
7 |
| b |
cbc |
| c |
orignew |
| d |
1 |
| e |
ecip |
| f |
20 |
| g |
y-gencatlg |
| 942 ## - ADDED ENTRY ELEMENTS (KOHA) |
| Source of classification or shelving scheme |
|
| Koha item type |
Books - Fiction |